00330nam a2200133 a 4500020001500000082001500015100002400030245004800054250001100102260002900113300000900142650003000151700001500181 a8173196966 a574.88 MAL1 aMalacinski,George.M10aFreifelder's Essential of Molecular Biology a4th.ed aNew DelhibNarosa,c2003 a491p abiology,molecular biology1 aTuli, G.D.